All Jojo characters with the star birthmark - Statistics

General Stats
  • This quiz has been taken 46 times
    44 since last reset
  • The average score is 20 of 29
Answer Stats
First Continuity % Correct
Jonathan Joestar
100%
Jolyne Cujoh
100%
Joseph Joestar
100%
Joseph Joestar
100%
Josuke Higashikata
100%
Jotaro Kujo
100%
Giorno Giovanna
97%
Josuke Higashikata
97%
DIO
94%
George Joestar II
94%
George Joestar
94%
George Joestar II
94%
George Joestar III
94%
Johnny Joestar
94%
Weather Report
78%
Holy Kujo
75%
Enrico Pucci
69%
Jodio Joestar
59%
Ungalo
53%
Green Baby
50%
Rikiel
50%
Donatello Versus
47%
Yoshikage Kira
47%
Dragona Joestar
38%
Holy Joestar
28%
Nicholas Joestar
28%
Irene
22%
Barbara Ann Joestar
13%
Kei Kira
3%
No matching quizzes found
Score Distribution
Percent of People with Each Score
Percentile by Number Answered
Your Score History
You have not taken this quiz since the last reset